| 000 | 00478nam a22001817a 4500 | ||
|---|---|---|---|
| 005 | 20241026141932.0 | ||
| 008 | 241026b |||||||| |||| 00| 0 eng d | ||
| 020 | _a9780749423841 | ||
| 050 | _aNA1995 BUR | ||
| 100 | _aBurston Oliver | ||
| 245 |
_aCareers in Architecture _cOliver Burston |
||
| 250 | _a5th Ed. | ||
| 260 |
_aLondon _bKogan Page Limited _c1997 |
||
| 300 |
_a88pages _c21.5cm |
||
| 500 | _aIncludes index | ||
| 650 | _2Architecture | ||
| 942 |
_2lcc _cBK _e5th Ed. _n0 |
||
| 999 |
_c252 _d252 |
||